000 01782 a2200217 4500
001 56822
005 20260407155831.0
008 260407a1955 arg spa d
003 AR-UNSa-BCEJYS
040 _aAR-UNSa-BCEJYS
_bspa
_cAR-UNSa-BCEJYS
080 _a330.101
_xCiencia económica en general. La economía y sus problemas. Objeto y métodos de la economía política
245 1 0 _aCurso de Economía Política
250 _a2a. ed.
264 1 _aBuenos Aires :
_bEl Ateneo
_c1955
300 _a705 p.
_c20 cm.
505 _aNOCIONES GENERALES 1. La ciencia económica – 2.Las diversas escuelas económicas – 3.Las necesidades y el valor LIBRO PRIMERO 1.Los factores de la producción: la naturaleza – 2.El trabajo – 3.El capital – 4.Como se regula la producción – 5.La asociación para la producción – 6.La división del trabajo – 6.La concentración de la producción – 7. La producción por el estado LIBRO SEGUNDO .La circulación: 1.El cambio – 2.Los comerciantes – 3.El transporte – 4.La moneda metálica – 5.Los sistemas monetarios – 6.La moneda papel – 7.El crédito – 8.Operaciones de banca – 9.Organizacion de los bancos – 10.Formacion de los precios – 11.El cambio internacional – 12.La política comercial LIBRO TERCERO Los varios modos de reparto : 1.El modo existente – 2.Los modos socialistas – 3.Los propietarios de las fincas rurales – 4.Los capitalistas rentistas – 5.Los asalariados – 6.Las reivindicaciones obreras – 7.Los empresarios – 8.El estado LIBRO CUARTO 1.El consumo: el gasto – 2.La asistencia – 3.El ahorro – 4.De si la producción podrá bastar al consumo.
942 _cBK
590 _aniveau_biblio:m niveau_hierar:0
100 1 _aGide, Charles
700 1 _aDocteur, Carlos
999 _c6054
_d6054